| Tag |
First Indicator |
Second Indicator |
Subfields |
| LEADER |
00000cam a2200000I 4500 |
| 001 |
in00001768024 |
| 005 |
20190207100641.0 |
| 008 |
811203s1941 mx acf 001 0 spa |
| 010 |
|
|
|a 43045376
|
| 035 |
|
|
|a (OCoLC)ocm07974998
|
| 040 |
|
|
|a DLC
|c NAM
|d NAM
|d EL$
|d OCL
|d TXA
|d UtOrBLW
|
| 043 |
|
|
|a n-mx---
|
| 049 |
|
|
|a TXAM
|
| 050 |
0 |
0 |
|a F1371
|b .P3
|
| 090 |
|
|
|a F1371
|b .P32 1941
|
| 100 |
1 |
|
|a Padua, Cándido Donato.
|
| 245 |
1 |
0 |
|a Movimiento revolucionario-1906 en Veracruz :
|b relación cronológica de las actividades del P. L. M. en los ex-cantones de Acayucán, Minatitlán, San Andrés Tuxtla y centro del país /
|c por C. D. Padua.
|
| 250 |
|
|
|a 2. ed.
|
| 264 |
|
1 |
|a Tlalpán, D.F. :
|b [publisher not identified],
|c 1941.
|
| 300 |
|
|
|a 196 pages :
|b illustrations ;
|c 21 cm.
|
| 336 |
|
|
|a text
|b txt
|2 rdacontent
|
| 337 |
|
|
|a unmediated
|b n
|2 rdamedia
|
| 338 |
|
|
|a volume
|b nc
|2 rdacarrier
|
| 500 |
|
|
|a The Cushing Library/Chapman Texas Collection copy is part of the Floyd & Louise Chapman Texas & Borderlands Collection.
|5 TXA
|
| 500 |
|
|
|a Includes index.
|
| 580 |
|
|
|a Part of the Mexican Revolution Collection.
|
| 651 |
|
0 |
|a Veracruz-Llave (Mexico : State)
|x History.
|
| 651 |
|
0 |
|a Mexico
|x History
|y Revolution, 1910-1920.
|
| 610 |
2 |
0 |
|a Partido Liberal Mexicano.
|
| 651 |
|
4 |
|a México
|x Historia
|y Revolución, 1910 ****.
|
| 994 |
|
|
|a E0
|b TXA
|
| 948 |
|
|
|a cataloged
|b h
|c 2003/7/16
|d c
|e nrodrigu
|f 2:54:38 pm
|
| 999 |
|
|
|a MARS
|
| 999 |
f |
f |
|s 1041430b-6d56-3d74-a168-9e206ab6c26c
|i b9773a11-4e44-30e3-adfd-9d046aa3523c
|t 0
|
| 952 |
f |
f |
|p noncirc
|a Texas A&M University
|b College Station
|c Cushing Memorial Library & Archives
|d Cushing: Chapman Texas Collection (Does not check out)
|t 0
|e F1371 .P32 1941
|h Library of Congress classification
|i unmediated -- volume
|
| 998 |
f |
f |
|a F1371 .P32 1941
|t 0
|l Cushing: Chapman Texas Collection (Does not check out)
|